[Event "CRO-chT3 West"]
[Site "Croatia"]
[Date "2020.10.24"]
[Round "7.1"]
[White "Unkovic, Niksa"]
[Black "Jurman, Nenad"]
[Result "1/2-1/2"]
[WhiteElo "1820"]
[BlackElo "1857"]
[PlyCount "109"]
[EventDate "2020.09.12"]
[EventType "team-tourn"]
[EventRounds "9"]
[EventCountry "CRO"]
[SourceTitle "EXT 2022"]
[Source "ChessBase"]
[SourceDate "2021.10.06"]
[SourceVersion "1"]
[SourceVersionDate "2021.10.06"]
[SourceQuality "1"]
[WhiteTeam "Cres"]
[BlackTeam "Crikvenica"]
[WhiteTeamCountry "CRO"]
[BlackTeamCountry "CRO"]

1. d4 Nf6 2. c4 e6 3. Nf3 b6 4. Nc3 Bb7 5. e3 Bb4 6. Be2 Ne4 7. Bd2 Bxc3 8. Bxc3 Nxc3 9. bxc3 Qe7 10. 0-0 0-0 11. a4 Nc6 12. Qc2 Na5 13. Qa2 d6 14. d5 e5 15. Rab1 f5 16. Rfe1 Kh8 17. Qa3 g5 18. Nd2 Qg7 19. e4 f4 20. Bg4 Bc8 21. h3 Qg6 22. f3 h5 23. Bxc8 Raxc8 24. Kf2 g4 25. Rg1 Qg5 26. hxg4 hxg4 27. Rh1+ Kg7 28. Qb4 Rh8 29. Qb5 g3+ 30. Ke2 Qe7 31. Nb3 Nxb3 32. Qxb3 a5 33. Qb5 Rcg8 34. Qc6 Kf7 35. Rbg1 Rh2 36. Kf1 Rgh8 37. Rxh2 Rxh2 38. Ke2 Qd8 39. c5 bxc5 40. Qb5 Ke7 41. Qxa5 Qb8 42. Qb5 Qxb5+ 43. axb5 c4 44. Kd2 Kd8 45. Kc2 Kc8 46. Kb2 Kb7 47. Ka3 Kb6 48. Kb4 Rh8 49. Kxc4 Ra8 50. Kb4 Ra2 51. Kb3 Re2 52. Kb4 Rb2+ 53. Kc4 Rxb5 54. Rc1 Rb2 55. Rg1 1/2-1/2

[Event "CRO-chT3 West"]
[Site "Croatia"]
[Date "2020.10.10"]
[Round "4.1"]
[White "Unkovic, Niksa"]
[Black "Lukenda, Tina"]
[Result "1/2-1/2"]
[WhiteElo "1820"]
[BlackElo "2020"]
[PlyCount "144"]
[EventDate "2020.09.12"]
[EventType "team-tourn"]
[EventRounds "9"]
[EventCountry "CRO"]
[SourceTitle "EXT 2022"]
[Source "ChessBase"]
[SourceDate "2021.10.06"]
[SourceVersion "1"]
[SourceVersionDate "2021.10.06"]
[SourceQuality "1"]
[WhiteTeam "Cres"]
[BlackTeam "Kastav"]
[WhiteTeamCountry "CRO"]
[BlackTeamCountry "CRO"]

1. d4 d5 2. c4 e6 3. Nf3 Nf6 4. e3 Be7 5. Nc3 0-0 6. a3 c6 7. Be2 dxc4 8. Bxc4 b5 9. Bd3 Bb7 10. 0-0 a6 11. Ne4 Nbd7 12. Qc2 Qb6 13. b4 Nxe4 14. Bxe4 Nf6 15. Bd3 a5 16. Bd2 axb4 17. Bxb4 Rfe8 18. Rfc1 h6 19. Ne5 Ra4 20. Nxc6 Bxc6 21. Bxe7 Rxe7 22. Qxc6 Qxc6 23. Rxc6 b4 24. Bb5 Rxa3 25. Rxa3 bxa3 26. Ra6 Rb7 27. Ra8+ Kh7 28. Bd3+ g6 29. Rxa3 Rb2 30. h3 Nd5 31. Ra7 Kg7 32. Bc4 Kf6 33. Bxd5 exd5 34. g3 h5 35. Kg2 Ke6 36. Ra6+ Ke7 37. Ra8 Rb1 38. h4 Rb2 39. Ra1 Ke6 40. Kf3 Rc2 41. Re1 Rd2 42. Re2 Rd3 43. g4 hxg4+ 44. Kxg4 Rd1 45. f3 Rg1+ 46. Kh3 Rh1+ 47. Kg3 Rg1+ 48. Rg2 Re1 49. Kf4 Rh1 50. Rg4 Rd1 51. Kg5 Rd3 52. Kf4 Rd1 53. h5 gxh5 54. Rh4 Rf1 55. Rxh5 Kd6 56. Rh6+ Ke7 57. Rh5 Ke6 58. Re5+ Kd6 59. Re8 Kd7 60. Rh8 Ke6 61. Rh3 Kf6 62. Rh6+ Ke7 63. Rb6 Kd7 64. e4 dxe4 65. Kxe4 Rh1 66. f4 Rh5 67. f5 Ke7 68. Ke5 Rh1 69. Rb7+ Ke8 70. f6 Re1+ 71. Kd5 Re6 72. Rb8+ Kd7 1/2-1/2